|
|
|
|
| LEADER |
00000naa2a2200000 4500 |
| 001 |
387473 |
| 005 |
20231101063619.0 |
| 035 |
|
|
|a (RuTPU)RU\TPU\prd\17147
|
| 090 |
|
|
|a 387473
|
| 100 |
|
|
|a 20030909a2003 k y0rusy50 ca
|
| 101 |
0 |
|
|a rus
|
| 102 |
|
|
|a RU
|
| 200 |
1 |
|
|a Специальная подготовка и аттестация персонала НК в Независимом ргане ЗАО "МНПО "Спектр"
|f Ф. Р. Соснин, О. Ю. Дегтярев, Д. Э. Дрындрожик
|
| 225 |
1 |
|
|a Сертификация/ Акредитация
|
| 320 |
|
|
|a Библиогр.: 1 назв.
|
| 461 |
|
1 |
|0 (RuTPU)RU\TPU\prd\1155
|x 1609-3178
|t В мире неразрушающего контроля
|o Ежеквартальное журнальное обозрение
|d 2001-
|
| 463 |
|
1 |
|0 (RuTPU)RU\TPU\prd\16148
|t № 2
|v С. 58-61
|d 2003
|
| 610 |
1 |
|
|a персонал
|
| 610 |
1 |
|
|a аттестация кадров
|
| 610 |
1 |
|
|a неразрушающий контроль
|
| 700 |
|
1 |
|a Соснин
|b Ф. Р.
|
| 701 |
|
1 |
|a Дегтярев
|b О. Ю.
|
| 701 |
|
1 |
|a Дрындрожик
|b Д. Э.
|
| 801 |
|
1 |
|a RU
|b 63413507
|c 20030909
|g PSBO
|
| 942 |
|
|
|c BK
|